<?xml version="1.0" encoding="UTF-8"?>
<record
    xmlns:xsi="http://www.w3.org/2001/XMLSchema-instance"
    xsi:schemaLocation="http://www.loc.gov/MARC21/slim http://www.loc.gov/standards/marcxml/schema/MARC21slim.xsd"
    xmlns="http://www.loc.gov/MARC21/slim">

  <leader>01238nam a2200289 i 4500</leader>
  <controlfield tag="001">187454</controlfield>
  <controlfield tag="003">SpMaBN</controlfield>
  <controlfield tag="005">20230906222929.0</controlfield>
  <controlfield tag="008">170705s1993    sp           |||| | spa d</controlfield>
  <datafield tag="020" ind1=" " ind2=" ">
    <subfield code="a">84-7252-924-X</subfield>
  </datafield>
  <datafield tag="080" ind1=" " ind2=" ">
    <subfield code="a">342.7(5/6=927)</subfield>
  </datafield>
  <datafield tag="245" ind1="0" ind2="0">
    <subfield code="a">Democracia y derechos humanos en el mundo &#xE1;rabe / </subfield>
    <subfield code="c">bajo la direcci&#xF3;n de Gema Mart&#xED;n Mu&#xF1;oz ; [pr&#xF3;logo, Antonio Remiro Brot&#xF3;ns].</subfield>
  </datafield>
  <datafield tag="260" ind1=" " ind2=" ">
    <subfield code="a">Madrid : </subfield>
    <subfield code="b">Agencia Espa&#xF1;ola de Cooperaci&#xF3;n Internacional : </subfield>
    <subfield code="b">Instituto de Cooperaci&#xF3;n con el Mundo &#xC1;rabe, </subfield>
    <subfield code="c">1993.</subfield>
  </datafield>
  <datafield tag="300" ind1=" " ind2=" ">
    <subfield code="a">367 p. ; </subfield>
    <subfield code="c">24 cm.</subfield>
  </datafield>
  <datafield tag="490" ind1="1" ind2=" ">
    <subfield code="a">Pol&#xED;tica &#xE1;rabe contempor&#xE1;nea ; </subfield>
    <subfield code="v">4</subfield>
  </datafield>
  <datafield tag="500" ind1=" " ind2=" ">
    <subfield code="a">Ap&#xE9;ndice documental / preparado y traducido por M&#xAA; &#xC1;ngeles L&#xF3;pez Plaza y Almudena Ruiz Ib&#xE1;&#xF1;ez.</subfield>
  </datafield>
  <datafield tag="504" ind1=" " ind2=" ">
    <subfield code="a">Bibliograf&#xED;a: p. 287-294.</subfield>
  </datafield>
  <datafield tag="546" ind1=" " ind2=" ">
    <subfield code="a">Textos en espa&#xF1;ol y franc&#xE9;s.</subfield>
  </datafield>
  <datafield tag="650" ind1=" " ind2="7">
    <subfield code="a">Derechos humanos-</subfield>
    <subfield code="z">Pa&#xED;ses &#xE1;rabes.</subfield>
    <subfield code="9">163365</subfield>
  </datafield>
  <datafield tag="700" ind1="1" ind2=" ">
    <subfield code="a">Mart&#xED;n Mu&#xF1;oz, Gema.</subfield>
    <subfield code="9">77583</subfield>
  </datafield>
  <datafield tag="700" ind1="1" ind2=" ">
    <subfield code="a">Remiro Brot&#xF3;ns, Antonio.</subfield>
    <subfield code="9">96134</subfield>
  </datafield>
  <datafield tag="710" ind1="2" ind2=" ">
    <subfield code="a">Agencia Espa&#xF1;ola de Cooperaci&#xF3;n Internacional.</subfield>
    <subfield code="9">1266</subfield>
  </datafield>
  <datafield tag="710" ind1="2" ind2=" ">
    <subfield code="a">Instituto de Cooperaci&#xF3;n con el Mundo &#xC1;rabe.</subfield>
    <subfield code="9">163366</subfield>
  </datafield>
  <datafield tag="830" ind1="1" ind2=" ">
    <subfield code="a">Pol&#xED;tica &#xE1;rabe contempor&#xE1;nea ; </subfield>
    <subfield code="v">4</subfield>
    <subfield code="9">225563</subfield>
  </datafield>
  <datafield tag="852" ind1=" " ind2=" ">
    <subfield code="a">ES-MaACL</subfield>
    <subfield code="j">L-31777</subfield>
  </datafield>
  <datafield tag="999" ind1=" " ind2=" ">
    <subfield code="c">187454</subfield>
    <subfield code="d">187454</subfield>
  </datafield>
  <datafield tag="952" ind1=" " ind2=" ">
    <subfield code="0">0</subfield>
    <subfield code="1">0</subfield>
    <subfield code="4">0</subfield>
    <subfield code="7">0</subfield>
    <subfield code="a">ATENEOM</subfield>
    <subfield code="b">ATENEOM</subfield>
    <subfield code="c">DEPO2</subfield>
    <subfield code="d">2017-07-05</subfield>
    <subfield code="e">DON</subfield>
    <subfield code="l">0</subfield>
    <subfield code="o">L-31777</subfield>
    <subfield code="p">1197880</subfield>
    <subfield code="r">2023-02-23 00:00:00</subfield>
    <subfield code="w">2023-02-23</subfield>
    <subfield code="y">MONOGRAFIA</subfield>
  </datafield>
</record>
